| 000 | 00517nam a2200169Ia 4500 | ||
|---|---|---|---|
| 003 | GCL | ||
| 008 | 140319s9999 xx 000 0 ara d | ||
| 040 |
_aGCL / _cGCL |
||
| 082 | 0 | 4 |
_a329.02 _bع م |
| 100 | 1 | _aعبدالحليم محمود | |
| 245 | 1 | 0 |
_aمقالات فى الاسلام والشيوعية / _cعبدالحليم محمود |
| 260 |
_a[S.N] : _bدار المعارف |
||
| 490 | _a | ||
| 650 | 0 | 4 | _aالاسلام والشيوعية |
| 650 | 0 | 4 | _aالاسلام والسياسة |
| 942 |
_2ddc _cBK |
||
| 999 |
_c54137 _d54137 |
||